| 000 | 02088cam a22005174i 4500 | ||
|---|---|---|---|
| 003 | PE-LiUPU | ||
| 005 | 20250731173008.0 | ||
| 008 | 150623s1988 miu r 000 0 eng d | ||
| 020 | _a9780830852123 | ||
| 020 | _a083081258X | ||
| 035 | _a(Sirsi) i9780830812585 | ||
| 040 |
_aPE-LiUPU _bspa _cPE-LiUPU _erda |
||
| 049 | _aPRUA | ||
| 082 | 0 | 4 |
_a220.12 _bB85 _221 |
| 100 | 1 |
_aBruce, Frederick Fyvie, _eautor. |
|
| 245 | 1 | 4 |
_aThe canon of scriture / _cF.F. Bruce. |
| 264 | 1 |
_aDowners Grove, Illinois : _bIntervarsity Press, _c1988. |
|
| 300 |
_a349 páginas ; _c24 centímetros |
||
| 336 |
_atext _2rdacontent |
||
| 337 |
_aunmediated _2rdamedia |
||
| 338 |
_avolume _2rdacarrier |
||
| 504 | _aBibliografía: páginas 335-338. | ||
| 504 | _aÍndice: páginas 339-349. | ||
| 505 | 0 | _aOld Testament -- the law and the prophets -- the greek old testament -- the old testament become a new book -- the cristian canon of the old testament: A. In the east -- the cristian canon of the old testament: B. In the latin west -- New Testament -- Conclusion. | |
| 526 | _aSEG42 | ||
| 526 | _aSEG41 | ||
| 526 | _aSEG40 | ||
| 526 | _aSEG39 | ||
| 526 | _aP94 | ||
| 526 | _aP87 | ||
| 526 | _aP86 | ||
| 526 | _aP85 | ||
| 526 | _aP77 | ||
| 526 | _aP76 | ||
| 526 | _aP35 | ||
| 650 | 0 | 4 |
_aBiblia _xCanon. |
| 910 |
_adbm _bksl _cksl _d20190102 |
||
| 942 |
_2ddc _cBOOK |
||
| 949 |
_a220.12 B85 _wDEWEY _c1 _i46207 _lCCODEBUL1 _mBUL _r0 _sY _tBOOK _u2015-6-24 _xTEOLOGIA _PP35 _0COMPRA _o.STAFF. Colección Teología |
||
| 994 |
_aC0 _bPEPRU |
||
| 596 | _a1 | ||
| 999 |
_a220.12 B85 _wDEWEY _c22987 _i46207 _d22987 _e2018-4-12 _f2021-11-9 _g5 _lCCODEBUL1 _mBUL _n1 _p20.00 _r0 _sY _tBOOK _u2015-6-24 _xTEOLOGIA _PP35 _0COMPRA _o.STAFF. Colección Teología |
||
| 999 |
_a220.12 B85 _wDEWEY _c2 _i79777 _d2019-5-20 _f2021-11-9 _g4 _lCCODEBUL1 _mBUL _p18.00 _q1 _r0 _sY _tBOOK _u2019-1-2 _xTEOLOGIA _PP85 _0DONACION _1FCOMPR2 _o.STAFF. Colección Teología |
||
| 980 |
_81 _gALBERTO SANCHEZ Responsable de Automatización |
||